000 00451nam a2200169Ia 4500
008 230718s9999 xx 000 0 und d
041 _aeng
082 _a531.113
_bCRA
100 _aCrawfard F. S.
_9166846
245 _aWaves Berkeley Physics Course
260 _bTata Mc-graw Hill Pub.
300 _dRef 325 G (30004)
365 _cRs.
_b350.00
500 _a325 GEN
700 _aCrawfard F. S.
_9166846
906 _dB:467303-Jun-2008
_cPHY
_b70
999 _c318797
_d318797